000 00786nam a2200253 a 4500
001 59825
003 BD-RjUL
005 20211209080755.0
008 161227s1977 enk b 001 0 eng d
020 _a0444990321
035 _a(BD-RjUL) 59949
040 _aBD-RjUL
_beng
_cBD-RjUL
_dBD-RjUL
041 _aeng
082 _223
_a301.44044
_bBES 1977
245 0 0 _aStatus characteristics and social interaction :
_ban expectation-states approach /
_cJoseph Berger ... [et al.]
260 _aOxford :
_bElsevier Scientific,
_cc1977
300 _axi, 196 p. ;
_c24 cm
504 _aBibliography: p.173-183
504 _aIncludes index
650 0 _aExpectation (Psychology)
_9178029
650 0 _aSocial status
_9178030
700 1 _aBerger, Joseph,
_d1924-
_9178031
942 _2ddc
_cBK
999 _c59825
_d59825